Statistics for every country to appear in the Call Of Duty Campaigns

Click here to take the quiz!

General Stats

  • This quiz has been taken 29 times
    (28 since last reset)
  • The average score is 39 of 65

Answers on the Map

Answers color-coded by a green-red scale on the quiz's map according to % correct below.
 

Answer Stats

Amount of games they appear inAnswer% Correct
7France
100%
9Germany
100%
11Russia
100%
3United Kingdom
100%
11United States
100%
2Brazil
94%
2Ukraine
94%
4Afghanistan
89%
1Canada
89%
3Egypt
89%
2India
89%
1Iraq
89%
1Iraq
89%
2Mexico
89%
1Italy
83%
1Saudi Arabia
78%
1Spain
78%
1Argentina
72%
1Greece
72%
1Japan
72%
2Kazakhstan
72%
1Pakistan
72%
1Poland
72%
2Cuba
67%
1Georgia
67%
1Georgia
67%
2Libya
67%
1South Korea
67%
1United Arab Emirates
67%
3Vietnam
67%
1Algeria
61%
3Belgium
61%
1Chile
61%
1Czech Republic
61%
2Netherlands
61%
1Somalia
61%
1Turkey
61%
1Nigeria
56%
1Norway
56%
2Switzerland
56%
1Venezuela
56%
1Austria
50%
1Haiti
50%
1Laos
50%
1Panama
50%
2Tunisia
50%
1Azerbaijan
44%
2Nicaragua
44%
1Sierra Leone
44%
1Thailand
44%
1Angola
39%
1Luxembourg
39%
1Myanmar
39%
1Uzbekistan
39%
2Yemen
39%
1Bulgaria
33%
1Moldova
28%
1Papua New Guinea
22%
2Singapore
22%
1Kiribati
17%
1Palau
17%
1Kastovia
11%
1United Republic Of Adal
11%
2Urzikstan
11%
1Cayman Islands
6%

Score Distribution

Percentile by Number Answered

Percent of People with Each Score

Your Score History

You have not taken this quiz since the last reset